| 000 | 01229namaa2200337 a 4500 | ||
|---|---|---|---|
| 001 | vtls000777571 | ||
| 003 | NLI | ||
| 005 | 20210627050949.0 | ||
| 008 | 110319s1972 dcu i000 0 eng | ||
| 039 | 9 |
_y201103192047 _zVLOAD |
|
| 040 |
_aNLI _cVTLS-2010_FOD _eAACR2 |
||
| 041 | 0 | _aeng | |
| 044 | _adcu | ||
| 082 | 0 | 4 | _a332.15 |
| 245 | 0 | 0 |
_aDevelopment credit agreement (Livestock Development project) between Republic of Chad and International deveopment Asociation : _bMay 31, 1972 |
| 260 |
_a[Washington] : _bInternational deveopment Asociation, _c1972 |
||
| 300 |
_a16 p. ; _c28 cm. |
||
| 500 | _aCover title | ||
| 500 | _aConformed copy of Development credit agreement, Number 309 CD | ||
| 500 | _aDevelopment credit agreement between the Govt. and the International development Association | ||
| 650 | 0 |
_aLivestock _zChad _9752889 |
|
| 650 | 0 |
_aDebt, Public _zChad _9752890 |
|
| 650 | 0 | _aFinancial aid contracts | |
| 710 | 2 |
_aInternational development Asociation (Washington), _4pbl |
|
| 710 | 2 | _aWorld Bank (Washington) | |
| 887 | _a | ||
| 901 |
_aUN-10030 _b04.09.1974 |
||
| 902 | _aU.N 332.15 Ag 84 d (309 Cd) | ||
| 949 |
_AVIRTUAITEM _D10002 _X100 _6UNX000010030ENG |
||
| 942 |
_2ddc _cBKS |
||
| 999 |
_aVIRTUA40 _c629019 _d629019 |
||